[Event "Nizhnij Novgorod-ch 60th"]
[Site "Nizhnij Novgorod"]
[Date "2008.03.??"]
[Round "?"]
[White "Svetlov, Dmitry"]
[Black "Lugovoy, Yury"]
[Result "1-0"]
[WhiteElo "2314"]
[BlackElo "2258"]
[PlyCount "59"]
[EventDate "2008.03.??"]
[EventType "swiss"]
[EventRounds "9"]
[EventCountry "RUS"]
[SourceTitle "EXT 2010"]
[Source "ChessBase"]
[SourceDate "2010.11.25"]
[SourceVersion "1"]
[SourceVersionDate "2010.11.25"]
[SourceQuality "1"]

1. d4 b6 2. Nf3 e6 3. g3 Bb7 4. Bg2 f5 5. 0-0 Nf6 6. c4 Na6 7. d5 Nc5 8. Nd4 exd5 9. Nxf5 dxc4 10. Bxb7 Nxb7 11. e4 d5 12. e5 Ne4 13. Qg4 g5 14. Qh5+ Kd7 15. f3 Nec5 16. Nc3 c6 17. Bxg5 Qe8 18. Qh3 Qe6 19. Bf6 Nd3 20. Na4 Nbc5 21. Bxh8 Nxa4 22. Qxh7+ Be7 23. Bf6 Re8 24. Ng7 Qg8 25. Qf5+ Kd8 26. Ne6+ Kc8 27. Nc5+ Kb8 28. Nxa4 b5 29. Nc3 Bc5+ 30. Kg2 1-0

[Event "Nizhnij Novgorod-ch 60th"]
[Site "Nizhnij Novgorod"]
[Date "2008.03.??"]
[Round "?"]
[White "Vorontsov, Anatoly"]
[Black "Lugovoy, Yury"]
[Result "1/2-1/2"]
[WhiteElo "2152"]
[BlackElo "2258"]
[PlyCount "40"]
[EventDate "2008.03.??"]
[EventType "swiss"]
[EventRounds "9"]
[EventCountry "RUS"]
[SourceTitle "EXT 2010"]
[Source "ChessBase"]
[SourceDate "2010.11.25"]
[SourceVersion "1"]
[SourceVersionDate "2010.11.25"]
[SourceQuality "1"]

1. e4 c5 2. Nf3 d6 3. d4 cxd4 4. Nxd4 Nf6 5. Nc3 a6 6. Bc4 e6 7. Bb3 b5 8. 0-0 b4 9. Na4 Bd7 10. f4 Nc6 11. f5 e5 12. Ne6 fxe6 13. fxe6 Bc8 14. Bg5 Be7 15. Bxf6 Bxf6 16. Rxf6 Qxf6 17. Qxd6 Nd4 18. Nb6 Bxe6 19. Nxa8 Ne2+ 20. Kh1 Ng3+ 1/2-1/2